[Event "38th Olympiad w"]
[Site "Dresden GER"]
[Date "2008.11.17"]
[Round "5"]
[White "Klinova,M"]
[Black "Le Thanh Tu"]
[Result "0-1"]
[WhiteElo "2327"]
[BlackElo "2324"]
[EventDate "2008.11.13"]

1. e4 e6 2. Nf3 d5 3. Nc3 Nf6 4. e5 Nfd7 5. d4 c5 6. dxc5 Nc6 7. Bf4 Nxc5
8. Bd3 Be7 9. O-O O-O 10. Re1 Nxd3 11. cxd3 Bd7 12. Rc1 Rc8 13. a3 f6 14.
exf6 Bxf6 15. Bg3 a6 16. Ne5 Nxe5 17. Bxe5 Bxe5 18. Rxe5 Rxf2 19. Re2 Rxe2
20. Qxe2 d4 21. Na2 Rxc1+ 22. Nxc1 Qg5 23. Nb3 e5 24. Nd2 Bc6 25. Nc4 Qc1+
26. Kf2 Qf4+ 27. Kg1 e4 28. dxe4 Bxe4 29. Nd2 Bc6 30. Qc4+ Kf8 31. Qf1
Qxf1+ 32. Kxf1 Bd5 33. Ke2 Bxg2 34. Kd3 Ke7 35. Kxd4 Ke6 36. Nc4 g5 37. a4
h5 38. b4 Bd5 39. Ne5 Bh1 40. Nd3 Kf5 41. Ke3 Bc6 42. Nc5 g4 43. b5 axb5
44. axb5 Bd5 45. Nd3 h4 46. Nf4 Be4 47. Ne2 Ke5 48. Nf4 g3 49. hxg3 hxg3
50. Ne2 g2 51. Kf2 Kd6 52. Nc3 Bf3 53. Na4 Ke5 0-1

[Event "38th Olympiad w"]
[Site "Dresden GER"]
[Date "2008.11.17"]
[Round "5"]
[White "Pham Le Thao Nguyen"]
[Black "Igla,B"]
[Result "0-1"]
[WhiteElo "2304"]
[BlackElo "2254"]
[EventDate "2008.11.13"]

1. d4 Nf6 2. c4 g6 3. Nc3 Bg7 4. e4 O-O 5. g3 d6 6. Bg2 Nc6 7. Nge2 Bg4 8.
f3 Bd7 9. Be3 a6 10. O-O Rb8 11. a4 Na5 12. Qd3 c5 13. dxc5 Be6 14. Nd5
dxc5 15. Bxc5 Bxd5 16. cxd5 Nd7 17. Bf2 Ne5 18. Qc2 Rc8 19. Nc3 b5 20. axb5
axb5 21. Qe2 b4 22. Nb5 Nb3 23. Rad1 Nc4 24. Na7 Nxb2 25. Nxc8 Qxc8 26. Rb1
Nd4 27. Qd2 Nc2 28. f4 Qc3 29. Qe2 Nc4 30. e5 b3 31. Rfd1 N4a3 32. d6 exd6
33. Rxb3 Qxb3 34. exd6 Nb5 35. d7 Nbd4 36. Qe7 Qb6 37. Bd5 Bf6 38. Qe8 Kg7
39. g4 Qb5 40. Bxf7 Rxf7 41. g5 Bxg5 42. Rxd4 Qf5 43. Rd2 Qxf4 44. d8=Q
Bxd8 45. Qxd8 Qg4+ 46. Bg3 Ne1 47. Rf2 Nf3+ 48. Kg2 Qe4 49. Kf1 h5 50. Qa5
h4 51. Qc3+ Kg8 52. Bd6 Qd5 53. Bc5 Nxh2+ 54. Ke2 Qe4+ 55. Kd1 Qb1+ 56. Ke2
Rxf2+ 57. Kxf2 Qf1+ 58. Ke3 Qf3+ 59. Kd4 Qxc3+ 60. Kxc3 Ng4 61. Kd4 0-1

[Event "38th Olympiad w"]
[Site "Dresden GER"]
[Date "2008.11.17"]
[Round "5"]
[White "Vasiliev,Olg"]
[Black "Hoang Thi Bao Tram"]
[Result "1-0"]
[WhiteElo "2235"]
[BlackElo "2250"]
[EventDate "2008.11.13"]

1. e4 e5 2. Nf3 Nf6 3. Nxe5 d6 4. Nf3 Nxe4 5. d4 d5 6. Bd3 Bd6 7. O-O O-O
8. c4 c6 9. cxd5 cxd5 10. Nc3 Nxc3 11. bxc3 Bg4 12. h3 Bh5 13. Rb1 b6 14.
Re1 Nc6 15. Qa4 Bxf3 16. Qxc6 Rc8 17. Qb5 Bh5 18. c4 Bb8 19. Ba3 Qc7 20. g3
Rfd8 21. Bf5 Bf3 22. cxd5 a6 23. Qxa6 Qc4 24. Bxc8 Qxd5 25. Qxb6 Rxc8 26.
Qxb8 Qd7 27. Qf4 Bc6 28. Qd6 1-0

[Event "38th Olympiad w"]
[Site "Dresden GER"]
[Date "2008.11.17"]
[Round "5"]
[White "Dang,D"]
[Black "Efroimski,M"]
[Result "1-0"]
[WhiteElo "2112"]
[BlackElo "2091"]
[EventDate "2008.11.13"]

1. c4 Nf6 2. Nc3 g6 3. g3 Bg7 4. Bg2 c6 5. e4 O-O 6. d4 d6 7. Nf3 Nbd7 8.
O-O e5 9. h3 Re8 10. Re1 exd4 11. Nxd4 Qb6 12. Na4 Qc7 13. Bf4 Nh5 14. Be3
Nc5 15. Nc3 Nf6 16. Qc2 Ne6 17. Nb3 b6 18. f4 Ba6 19. Ne2 Nf8 20. Bf2 Re7
21. Ned4 Bb7 22. Rad1 a6 23. Ne2 Rae8 24. Nc3 b5 25. c5 d5 26. exd5 Rxe1+
27. Bxe1 Nxd5 28. Nxd5 cxd5 29. Bf2 Rd8 30. Rc1 Bc6 31. Nd4 Ne6 32. Nxc6
Qxc6 33. b4 Qc7 34. Rd1 d4 35. Qe4 a5 36. a3 axb4 37. axb4 Qa7 38. Bf1 Qa3
39. Be1 Qa4 40. Qd3 Nc7 41. Rb1 Qa2 42. Qb3 Qa6 43. Bg2 Qf6 44. Rd1 Qe7 45.
Bf2 Qe2 46. Bf1 Qe4 47. Qd3 Qe6 48. Rd2 Qa6 49. Qb3 Qa1 50. Rd1 Qa6 51. Qb2
Ne6 52. Rd3 Qa4 53. Qa3 Qc2 54. Qa5 Rb8 55. Qa7 Rd8 56. Qb6 Ra8 57. Qxb5
Ra1 58. Rf3 Rb1 59. Kg2 Qd2 60. Qb8+ Bf8 61. c6 Rxb4 62. c7 Nxc7 63. Qxc7
Rb1 64. Bc4 1-0

[Event "38th Olympiad w"]
[Site "Dresden GER"]
[Date "2008.11.17"]
[Round "5"]
[White "Sukandar,I"]
[Black "Seps,M"]
[Result "1-0"]
[WhiteElo "2303"]
[BlackElo "2203"]
[EventDate "2008.11.13"]

1. e4 c5 2. Nf3 d6 3. d4 cxd4 4. Nxd4 Nf6 5. Nc3 a6 6. Bg5 e6 7. f4 Qc7 8.
Qf3 b5 9. Bd3 Nbd7 10. O-O-O Bb7 11. Rhe1 O-O-O 12. Kb1 Kb8 13. Qe3 b4 14.
Nce2 Be7 15. c3 Qb6 16. cxb4 h6 17. Bxf6 Bxf6 18. b5 axb5 19. Bxb5 Nc5 20.
Nc3 Rc8 21. e5 dxe5 22. fxe5 Be7 23. Be2 Na6 24. Bf3 Bg5 25. Qd3 Rhd8 26.
Bxb7 Qxb7 27. Qe4 Rd7 28. Qxb7+ Rxb7 29. Ne4 Be7 30. Nb3 Nb4 31. Rf1 Bf8
32. Nc3 Nc6 33. Rde1 Rd8 34. Rf4 Bb4 35. Rc4 Na5 36. Rxb4 Rxb4 37. Nxa5 Rc8
38. Nb3 Rf4 39. Re2 Rcc4 40. Kc2 Rf5 41. Kd3 Rc7 42. Nd4 Rf1 43. b4 Rd7 44.
a4 Rf4 45. Re4 Rf2 46. Rg4 f6 47. Ne4 Rf1 48. Nc5 Rd5 49. exf6 Rxf6 50. Kc4
Rd6 51. Ne4 1-0

[Event "38th Olympiad w"]
[Site "Dresden GER"]
[Date "2008.11.17"]
[Round "5"]
[White "Hund,B"]
[Black "Lindiawati,E"]
[Result "1/2-1/2"]
[WhiteElo "2216"]
[BlackElo "2121"]
[EventDate "2008.11.13"]

1. e4 d5 2. exd5 Qxd5 3. Nc3 Qa5 4. Bc4 Nf6 5. d3 c6 6. Qe2 Bf5 7. Bd2 Qc7
8. h3 h5 9. Nf3 Nbd7 10. Nd4 Bg6 11. f4 h4 12. Qf2 e5 13. fxe5 Nxe5 14.
O-O-O Nxc4 15. dxc4 O-O-O 16. Bg5 Bd6 17. Nf5 Bg3 18. Nxg3 Qxg3 19. Qxg3
hxg3 20. Bxf6 gxf6 21. Rxd8+ Rxd8 22. Rf1 f5 23. Rf3 Rd4 24. b3 Kd7 25. Ne2
Re4 26. Nxg3 Re1+ 27. Kd2 Rg1 28. Rf2 f4 29. Ne2 Ra1 30. Nc1 Rb1 31. a4 Rb2
32. Nd3 Rb1 33. Nxf4 Be4 34. Ne2 Rb2 35. Nd4 c5 36. Kc3 Rb1 37. Ne2 Ke6 38.
Nf4+ Kd6 39. Nd3 Rg1 40. g4 Rg3 41. Rxf7 Rxh3 42. Rf6+ Ke7 43. Rf4 Bg6 44.
a5 b6 45. axb6 axb6 46. Kd2 Rg3 47. Nf2 Rg1 48. Rf3 Rg2 49. c3 Rg1 50. b4
Rb1 51. bxc5 bxc5 52. Ke3 Ra1 53. Kf4 Ra4 54. Kg5 Bb1 55. Rf4 Ba2 56. Nd3
Ra3 57. Nxc5 Rxc3 58. Re4+ Kf7 59. Nb7 Rd3 60. Na5 Ra3 61. Nc6 Bb1 62. Re7+
Kf8 63. Re1 Bc2 64. Rf1+ Ke8 65. Ne5 Ke7 66. Kf4 Ra8 67. Rc1 Rf8+ 68. Ke3
Bh7 69. c5 Ke6 70. Nd3 Kd7 71. c6+ Kd6 72. Nb4 Re8+ 73. Kf2 Be4 74. Kg3 Rb8
75. Rd1+ Ke5 76. c7 Rc8 77. Rd7 Ke6 78. Rg7 Kf6 79. Rd7 Ke6 80. Rd4 Bb7 81.
Rc4 Kd6 82. Kf4 Rxc7 83. Rxc7 Kxc7 84. Ke5 Bf3 85. g5 Bh5 86. Nd5+ Kd8 87.
Kf6 Ke8 88. Nf4 Bd1 89. g6 Kf8 90. Nd5 Bb3 91. Ne7 Bc4 92. g7+ Ke8 93. Nf5
Kd7 94. Kg6 Bb3 95. Kf6 Bc4 96. Ne3 Bb3 97. Nc2 Bc4 98. Nd4 Ba2 1/2-1/2

[Event "38th Olympiad w"]
[Site "Dresden GER"]
[Date "2008.11.17"]
[Round "5"]
[White "Rogule,L"]
[Black "Mongontuul,B"]
[Result "1/2-1/2"]
[WhiteElo "2260"]
[BlackElo "2410"]
[EventDate "2008.11.13"]

1. Nf3 Nf6 2. g3 g6 3. Bg2 Bg7 4. d3 O-O 5. e4 d6 6. h3 c5 7. Nc3 Nc6 8.
O-O Rb8 9. Be3 b5 10. Qd2 b4 11. Ne2 Bb7 12. Bh6 c4 13. g4 cxd3 14. cxd3
Qb6 15. Bxg7 Kxg7 16. Ng3 Ba6 17. Rfc1 Nd4 18. Nxd4 Qxd4 19. Rc7 Rfc8 20.
Rac1 Rxc7 21. Rxc7 Rc8 22. Rxe7 Kf8 23. g5 Ng8 24. Rd7 Ke8 25. Ne2 Qb6 26.
Qf4 Kxd7 27. Qxf7+ Ne7 28. Bf3 Re8 29. Nf4 Bb5 30. Bg4+ Kd8 31. Ne6+ Kc8
32. Ng7+ Kd8 33. Ne6+ Kc8 34. Ng7+ Kd8 35. Ne6+ Kc8 36. Ng7+ Kd8 37. Ne6+
Kc8 1/2-1/2

[Event "38th Olympiad w"]
[Site "Dresden GER"]
[Date "2008.11.17"]
[Round "5"]
[White "Erneste,I"]
[Black "Enxtuul,A"]
[Result "0-1"]
[WhiteElo "2290"]
[BlackElo "1977"]
[EventDate "2008.11.13"]

1. e4 d5 2. exd5 Nf6 3. d4 Nxd5 4. Nf3 g6 5. Be2 Bg7 6. O-O O-O 7. h3 Bf5
8. a3 Nc6 9. c4 Nb6 10. Be3 a5 11. Nc3 h5 12. Rc1 Qd7 13. b3 Rad8 14. d5
Ne5 15. Nd4 Bxh3 16. gxh3 Qxh3 17. Bf3 Ng4 18. Bxg4 hxg4 19. Nce2 e5 20.
dxe6 Be5 21. Nf4 Bxf4 22. Bxf4 fxe6 23. Be5 Nd7 24. Bg3 c5 25. Ne2 Ne5 26.
Bxe5 Rxd1 27. Rfxd1 Qf3 28. Nf4 g3 29. Rd2 g5 30. Nd3 gxf2+ 31. Nxf2 g4 32.
Rc3 Qf5 33. Re2 Qb1+ 34. Kg2 Rf3 35. Rcc2 Rf5 36. Rb2 Qc1 37. Bg3 Kf7 38.
a4 Qc3 39. Bd6 Qf3+ 40. Kg1 g3 0-1

[Event "38th Olympiad w"]
[Site "Dresden GER"]
[Date "2008.11.17"]
[Round "5"]
[White "Monhchuluun,C"]
[Black "Skinke,K"]
[Result "1-0"]
[WhiteElo "1969"]
[BlackElo "2186"]
[EventDate "2008.11.13"]

1. d4 Nf6 2. c4 g6 3. g3 Bg7 4. Bg2 d6 5. e4 c5 6. d5 O-O 7. Ne2 a6 8. Nbc3
e6 9. dxe6 fxe6 10. h3 Nc6 11. Bf4 Ne8 12. Be3 Nc7 13. O-O e5 14. Nd5 Ne6
15. Qd2 b5 16. b4 bxc4 17. bxc5 dxc5 18. Rfc1 Ncd4 19. Rxc4 Rf7 20. Bxd4
exd4 21. Nef4 Nxf4 22. Nxf4 g5 23. Nd3 Be6 24. Rxc5 h6 25. Rb1 Rc8 26. Rxc8
Qxc8 27. Kh2 Qc3 28. Rb2 Rc7 29. Ne1 a5 30. f4 gxf4 31. gxf4 Kh7 32. Rc2
Qxd2 33. Rxd2 Rc3 34. e5 Ra3 35. Be4+ Kg8 36. Rxd4 Rxa2+ 37. Kg3 a4 38. Nd3
Ra3 39. Bd5 Kf7 40. Bxe6+ Kxe6 41. Kg4 Ra1 42. Nc5+ Kf7 43. Rxa4 Rg1+ 44.
Kf5 Bf8 45. Ne4 Re1 46. Ra7+ Kg8 47. Nf6+ 1-0

[Event "38th Olympiad w"]
[Site "Dresden GER"]
[Date "2008.11.17"]
[Round "5"]
[White "Sergeeva,M"]
[Black "Popova,N"]
[Result "1-0"]
[WhiteElo "2325"]
[BlackElo "2264"]
[EventDate "2008.11.13"]

1. e4 c5 2. Nf3 Nc6 3. d4 cxd4 4. Nxd4 Nf6 5. Nc3 e5 6. Ndb5 d6 7. Bg5 a6
8. Na3 b5 9. Bxf6 gxf6 10. Nd5 f5 11. Bd3 Be6 12. O-O Bxd5 13. exd5 Ne7 14.
Re1 Bg7 15. c3 O-O 16. Qh5 e4 17. Bf1 Qc8 18. Rad1 Rb8 19. Nc2 b4 20. Nxb4
a5 21. Nc6 Nxc6 22. dxc6 Rxb2 23. Rxd6 Rb6 24. Re3 Rxc6 25. Rxc6 Qxc6 26.
Qxf5 Bxc3 27. Rxe4 Bg7 28. Rg4 a4 29. Qg5 Qg6 30. Qh4 Qc2 31. Qf6 1-0

[Event "38th Olympiad w"]
[Site "Dresden GER"]
[Date "2008.11.17"]
[Round "5"]
[White "Azarova,N"]
[Black "Nakhbayeva,G"]
[Result "1-0"]
[WhiteElo "2308"]
[BlackElo "2201"]
[EventDate "2008.11.13"]

1. e4 c5 2. Nf3 Nc6 3. d4 cxd4 4. Nxd4 Nf6 5. Nc3 e5 6. Ndb5 d6 7. Bg5 a6
8. Na3 b5 9. Nd5 Be7 10. Bxf6 Bxf6 11. c4 O-O 12. cxb5 Nd4 13. b6 Bb7 14.
Bc4 Rc8 15. O-O Bg5 16. Kh1 Ne6 17. Qg4 g6 18. Rad1 Kh8 19. Qe2 Rb8 20. b3
Nc5 21. Nc7 Nxe4 22. Nb1 Bf4 23. Bd5 Qh4 24. h3 Ng5 25. Kg1 Bc8 26. b7
Nxh3+ 27. gxh3 Bxh3 28. Rfe1 Bh2+ 29. Kxh2 Bg4+ 30. Kg1 Bxe2 31. Rxe2 Qg4+
32. Kf1 Qd7 33. Rc2 a5 34. Na3 f5 35. Nab5 f4 36. Be6 Qe7 37. Nxd6 f3 38.
Rc4 Rbd8 39. Nf7+ Qxf7 40. Rxd8 Qe7 41. Rxf8+ Qxf8 42. Na6 Qe7 1-0

[Event "38th Olympiad w"]
[Site "Dresden GER"]
[Date "2008.11.17"]
[Round "5"]
[White "Rysbayeva,A"]
[Black "Klimets,E"]
[Result "1-0"]
[WhiteElo "2180"]
[BlackElo "2129"]
[EventDate "2008.11.13"]

1. e4 d6 2. d4 Nf6 3. Nc3 g6 4. Nf3 Bg7 5. Be2 O-O 6. O-O Bg4 7. Be3 Nc6 8.
d5 Nb8 9. Qd2 Nbd7 10. h3 Bxf3 11. Bxf3 c5 12. Be2 Qa5 13. Bh6 Qb4 14. Bxg7
Kxg7 15. a3 Qd4 16. Qxd4 cxd4 17. Nb5 Nxe4 18. Nxd4 Rac8 19. Rad1 Nb6 20.
Bf3 Nf6 21. b3 Nbxd5 22. c4 Nc3 23. Rc1 Nce4 24. Rfe1 d5 25. cxd5 Rxc1 26.
Rxc1 Rd8 27. Re1 Rxd5 28. Bxe4 Rxd4 29. Bxb7 Rd7 30. Bf3 e6 31. b4 Nd5 32.
Rd1 Kf6 33. a4 Ke5 34. b5 Kd6 35. Kf1 Kc5 36. Bxd5 exd5 37. Ke2 Kb4 38.
Rd4+ Kc3 39. Rd3+ Kc4 40. Kd2 d4 41. Ra3 Kb4 42. Ra1 d3 43. Ra2 Rd4 44.
Rb2+ Ka5 45. Rb1 f5 46. g3 h5 47. h4 Rd6 48. Rc1 Kxa4 49. Rc6 Rd4 50. b6
axb6 51. Rxb6 Rg4 52. Rd6 Kb5 53. Kxd3 Kc5 54. Rd8 Re4 55. f3 Re1 56. Rg8
Re6 57. Ra8 f4 58. gxf4 Rd6+ 59. Ke3 Re6+ 60. Kf2 Rf6 61. Kg3 Kd5 62. Ra5+
Kd4 63. f5 Ke3 64. Re5+ Kd4 65. Re6 Rxf5 66. Rxg6 Ke3 67. Re6+ Kd4 68. Re4+
Kd5 69. Rf4 Re5 70. Rf6 Kd4 71. Kf4 Re8 72. Kg5 Rh8 73. f4 Ke4 74. f5 Ke5
75. Re6+ Kd5 76. Re2 Kd6 77. f6 Rf8 78. Kg6 Ra8 79. f7 Kd5 1-0

[Event "38th Olympiad w"]
[Site "Dresden GER"]
[Date "2008.11.17"]
[Round "5"]
[White "Mader,Ma"]
[Black "Sanchez Rodriguez,W"]
[Result "1-0"]
[WhiteElo "2132"]
[BlackElo "1773"]
[EventDate "2008.11.13"]

1. e4 c5 2. c3 d6 3. d4 cxd4 4. cxd4 Nf6 5. Nc3 a6 6. Nf3 Nc6 7. Bd3 g6 8.
O-O Bg7 9. h3 O-O 10. Be3 e6 11. Rc1 Bd7 12. Qd2 Rc8 13. Bb1 d5 14. e5 Ne8
15. Bh6 Qb6 16. Na4 Qb4 17. Nc5 Qxd2 18. Bxd2 Rc7 19. Bf4 h6 20. h4 Ne7 21.
Bd3 Bc6 22. b4 Rc8 23. a4 Nc7 24. Rb1 Rb8 25. b5 b6 26. Nxa6 Nxa6 27. bxc6
Nc7 28. Rfc1 Ra8 29. Rxb6 Rxa4 30. Bd2 Rfa8 31. Rb7 R4a7 32. Bb4 Nxc6 33.
Rxa7 Rxa7 34. Rxc6 Bf8 35. Bd6 Ne8 36. Rc8 Nxd6 37. exd6 Rd7 38. Ne5 Rxd6
39. Bb5 Rb6 40. Rxf8+ 1-0

[Event "38th Olympiad w"]
[Site "Dresden GER"]
[Date "2008.11.17"]
[Round "5"]
[White "Pacheco,H"]
[Black "Endress,A"]
[Result "0-1"]
[WhiteElo "1952"]
[BlackElo "2067"]
[EventDate "2008.11.13"]

1. d4 d5 2. Nf3 Nf6 3. Bf4 e6 4. Nbd2 c5 5. e3 Nc6 6. Bb5 Qb6 7. Bxc6+ bxc6
8. O-O Qxb2 9. dxc5 Bxc5 10. Ne5 Ba6 11. c4 Qa3 12. Qc2 Rc8 13. Rfb1 O-O
14. h3 Bb4 15. e4 Rfd8 16. Bg5 Qc3 17. Qa4 Qxe5 18. Nf3 Qxe4 19. Rxb4 Bxc4
20. Rab1 c5 21. Rb7 Bd3 22. Qxe4 dxe4 0-1

[Event "38th Olympiad w"]
[Site "Dresden GER"]
[Date "2008.11.17"]
[Round "5"]
[White "Klek,H"]
[Black "Basem Hassan,M"]
[Result "1-0"]
[WhiteElo "2004"]
[BlackElo "1935"]
[EventDate "2008.11.13"]

1. e4 c5 2. Nf3 e6 3. d4 cxd4 4. Nxd4 a6 5. c4 Qc7 6. a3 Nf6 7. Nc3 Nc6 8.
Be3 Be7 9. Be2 d6 10. Rc1 Bd7 11. O-O Nxd4 12. Bxd4 Bc6 13. f3 O-O 14. Qb3
Nd7 15. Be3 Qa5 16. Rfd1 Nc5 17. Qc2 Ba4 18. Nxa4 Qxa4 19. Qxa4 Nxa4 20. b3
Nc5 21. b4 Nd7 22. c5 Bf6 23. cxd6 Rfc8 24. Rc7 Rxc7 25. dxc7 Nf8 26. Bb6
e5 27. Rd8 1-0

[Event "38th Olympiad w"]
[Site "Dresden GER"]
[Date "2008.11.17"]
[Round "5"]
[White "Malikgulyewa,A"]
[Black "Golubenko,Valen"]
[Result "0-1"]
[WhiteElo "2051"]
[BlackElo "2273"]
[EventDate "2008.11.13"]

1. d4 e6 2. Nf3 c5 3. c3 d5 4. Bf4 Nc6 5. e3 Bd6 6. Bg3 Nf6 7. Bd3 O-O 8.
Nbd2 Qe7 9. Ne5 Nd7 10. f4 f6 11. Bxh7+ Kxh7 12. Qh5+ Kg8 13. Ng6 Qe8 14.
f5 Bxg3+ 15. hxg3 exf5 16. O-O-O Ne7 17. Qh7+ Kf7 18. Nxf8 Nxf8 19. Qh5+
Neg6 20. g4 Qe6 21. gxf5 Qxf5 22. Qxf5 Bxf5 23. Rdf1 Bd3 24. Rf2 Ne7 25.
Nf3 Kg8 26. g4 c4 27. g5 Nf5 28. gxf6 gxf6 29. Nh4 Nxh4 30. Rxh4 Kf7 31.
Kd2 Nh7 32. Rh5 Be4 33. Rf4 Nf8 34. Rh6 Nd7 35. Rg4 Rc8 36. Rg3 Re8 37. Rh4
Rg8 38. Rhg4 Rh8 39. Rg7+ Ke6 40. Rg1 Rh2+ 0-1

[Event "38th Olympiad w"]
[Site "Dresden GER"]
[Date "2008.11.17"]
[Round "5"]
[White "Medic,Mir"]
[Black "Hallaeva,B"]
[Result "1-0"]
[WhiteElo "2281"]
[BlackElo "2119"]
[EventDate "2008.11.13"]

1. d4 Nf6 2. c4 e6 3. Nc3 Bb4 4. Qc2 c5 5. dxc5 Na6 6. a3 Bxc3+ 7. Qxc3
Nxc5 8. b4 Nce4 9. Qb2 d5 10. c5 d4 11. e3 e5 12. Nf3 Ng4 13. Bb5+ Bd7 14.
Bxd7+ Qxd7 15. O-O dxe3 16. Bxe3 f6 17. Qb3 O-O-O 18. Rfd1 Qe7 19. c6 b6
20. Rdc1 Nxe3 21. Qxe3 Nd6 22. a4 Qc7 23. b5 Nf5 24. Qe4 Nd4 25. Nxd4 Rxd4
26. Qf5+ Kb8 27. h3 h6 28. Rd1 Rhd8 29. Rxd4 Rxd4 30. Qe6 Qd8 31. Rc1 Qc7
32. Qg8+ Rd8 33. Qb3 Kc8 34. Rd1 Qe7 35. Rxd8+ Kxd8 36. Qg8+ Kc7 37. Qa8
Qd6 38. Qxa7+ Kc8 39. Qb7+ Kd8 40. Qxb6+ Ke8 41. Qa7 Qd1+ 42. Kh2 Qc1 43.
Qe3 Qc4 44. g3 Qxa4 45. Qc5 Kd8 46. b6 1-0

[Event "38th Olympiad w"]
[Site "Dresden GER"]
[Date "2008.11.17"]
[Round "5"]
[White "Isaeva,Ak"]
[Black "Franciskovic,B"]
[Result "0-1"]
[WhiteElo "2063"]
[BlackElo "2275"]
[EventDate "2008.11.13"]

1. d4 Nf6 2. c4 e6 3. a3 c5 4. Nf3 cxd4 5. Nxd4 a6 6. Nc3 Be7 7. g3 Qc7 8.
Qa4 Nc6 9. Nf3 O-O 10. b4 d5 11. Qb3 dxc4 12. Qxc4 b5 13. Qb3 Bb7 14. Bf4
e5 15. Be3 Nd4 16. Bxd4 exd4 17. Na2 Bd5 18. Qd1 d3 19. Qxd3 Rad8 20. Qc3
Qb7 21. Bg2 Ne4 22. Qc2 Rc8 23. Qb1 Bf6 24. O-O Bxa1 25. Qxa1 Nd2 26. Re1
Nxf3+ 27. exf3 Bxf3 28. Bxf3 Qxf3 29. Re3 Qf6 30. Qxf6 gxf6 31. Nc3 Rfe8
32. Rf3 Kg7 33. Kg2 Re5 34. Kh3 Rc4 35. Kg2 Rd4 36. Kh3 Rd2 37. Kg2 f5 38.
Kh3 Kg6 39. Kg2 Rb2 40. Rd3 Rb3 41. Rd6+ Re6 42. Rxe6+ fxe6 43. Ne2 Rxa3
44. Nd4 Kf6 45. f4 e5 46. fxe5+ Kxe5 47. Nc6+ Kd5 48. Ne7+ Ke4 49. h4 f4
50. gxf4 Kxf4 51. Nd5+ Kg4 52. Nf6+ Kxh4 53. Nxh7 Rb3 54. Nf6 Rxb4 55. Nd5
Rc4 56. Kf2 b4 57. Ne3 Rc5 58. Ke2 b3 59. Nd1 b2 0-1

[Event "38th Olympiad w"]
[Site "Dresden GER"]
[Date "2008.11.17"]
[Round "5"]
[White "Ortiz,Na"]
[Black "Munoz,Ca"]
[Result "1-0"]
[WhiteElo "2230"]
[BlackElo "2026"]
[EventDate "2008.11.13"]

1. e4 c5 2. Nf3 Nc6 3. d4 cxd4 4. Nxd4 Nf6 5. Nc3 e5 6. Ndb5 d6 7. Bg5 a6
8. Na3 b5 9. Nd5 Be7 10. Bxf6 Bxf6 11. c4 b4 12. Nc2 a5 13. Qf3 O-O 14. Rd1
Be7 15. c5 f5 16. Nxe7+ Qxe7 17. cxd6 Qf7 18. Bd3 b3 19. axb3 Qxb3 20. O-O
f4 21. Qe2 Kh8 22. Bc4 Qb7 23. Qd3 Bd7 24. b3 Rf6 25. f3 Rd8 26. Qd5 Qb6+
27. Rf2 Be6 28. Qb5 Qxb5 29. Bxb5 Na7 30. Ba4 Bd7 31. Rfd2 Bxa4 32. bxa4
Nc8 33. d7 Nb6 34. Na3 Kg8 35. Rb1 Nxa4 36. Nc4 Re6 37. Rb5 Kf7 38. Rd3 Ke7
39. Ra3 Rxd7 40. Rxa4 Rd4 41. Rd5 Rc6 42. Rxd4 exd4 43. Kf1 Ke6 44. Ke2 Rc5
45. Kd3 Rh5 46. h3 Rg5 47. Ra2 a4 48. Kxd4 h5 49. e5 Rf5 50. Rxa4 g5 51.
Ra6+ Ke7 52. Ke4 1-0

[Event "38th Olympiad w"]
[Site "Dresden GER"]
[Date "2008.11.17"]
[Round "5"]
[White "Da Bosco,C"]
[Black "Chirivi C,Y"]
[Result "0-1"]
[WhiteElo "1966"]
[BlackElo "2175"]
[EventDate "2008.11.13"]

1. e4 c5 2. Nc3 e6 3. f4 d5 4. Nf3 Nf6 5. exd5 Nxd5 6. Bb5+ Bd7 7. Bxd7+
Qxd7 8. Ne5 Qd8 9. d3 Be7 10. O-O O-O 11. f5 Bf6 12. Nxd5 Qxd5 13. Ng4 Bd4+
14. Kh1 exf5 15. Ne3 Bxe3 16. Bxe3 Nd7 17. Bd2 Rfe8 18. Qh5 g6 19. Qh4 Re2
20. Rf2 Rxf2 21. Qxf2 Re8 22. Bc3 Re6 23. b3 Ne5 24. h3 Nc6 25. Re1 Nd4 26.
Rxe6 fxe6 27. Qf4 e5 28. Qf2 Qd6 29. Bb2 f4 30. c3 Nf5 31. Qf3 Qd7 32. Kh2
Kf7 33. Qe4 Kf6 34. a4 Ng3 35. Qf3 g5 36. a5 h5 37. Qd1 g4 38. b4 c4 39. d4
Kg5 40. d5 gxh3 41. gxh3 Kh4 0-1

[Event "38th Olympiad w"]
[Site "Dresden GER"]
[Date "2008.11.17"]
[Round "5"]
[White "Herrera,Mil"]
[Black "Trejos,S"]
[Result "1-0"]
[WhiteElo "2070"]
[BlackElo "2052"]
[EventDate "2008.11.13"]

1. e4 c5 2. Nf3 d6 3. d4 cxd4 4. Nxd4 Nf6 5. Nc3 g6 6. Be3 Bg7 7. f3 Nc6 8.
Qd2 Bd7 9. O-O-O Rc8 10. Be2 Ne5 11. g4 h5 12. h3 a6 13. g5 Nh7 14. f4 Nc4
15. Bxc4 Rxc4 16. f5 Nf8 17. Rhf1 gxf5 18. exf5 Be5 19. Qf2 Rh7 20. g6 fxg6
21. fxg6 Nxg6 22. Qg2 Rg7 23. Bh6 Nf4 24. Qe4 Qc8 25. Bxg7 Bf5 26. Qxf5 1-0

[Event "38th Olympiad w"]
[Site "Dresden GER"]
[Date "2008.11.17"]
[Round "5"]
[White "Chen I Chen"]
[Black "Esquivel de Leon,A"]
[Result "0-1"]
[WhiteElo "1725"]
[BlackElo "2037"]
[EventDate "2008.11.13"]

1. e4 c5 2. Nf3 e6 3. d4 cxd4 4. Nxd4 Nc6 5. Be2 Nf6 6. Nxc6 bxc6 7. Bf3
Ba6 8. Nd2 d5 9. Be2 Qa5 10. exd5 cxd5 11. Bxa6 Qxa6 12. Qe2 Qxe2+ 13. Kxe2
Rc8 14. c3 Bd6 15. f3 Nd7 16. Nb3 Nb6 17. Be3 Nc4 18. Rab1 Kd7 19. Nd2 a6
20. Nxc4 Rxc4 21. Kd3 Rhc8 22. h3 e5 23. Rhf1 Ke6 24. Rfd1 f5 25. Rd2 f4
26. Bf2 e4+ 27. fxe4 dxe4+ 28. Kc2 e3 29. Re1 Kd7 30. Rxd6+ Kxd6 31. Bg1 g5
32. Bh2 Kd5 33. Kd3 Rd8 34. Re2 Rc6 35. b3 Ke5+ 36. Kc2 Ke4 37. Bg1 Rd3 38.
c4 Rcd6 39. c5 Rd2+ 40. Rxd2 Rxd2+ 41. Kc3 Kd5 42. b4 Rxg2 0-1

[Event "38th Olympiad w"]
[Site "Dresden GER"]
[Date "2008.11.17"]
[Round "5"]
[White "Hernandez Guerrero,Y"]
[Black "Lin Yu Tong,E"]
[Result "1-0"]
[WhiteElo "2228"]
[BlackElo "1487"]
[EventDate "2008.11.13"]

1. d4 Nf6 2. Nf3 e6 3. g3 d5 4. Bg2 Nbd7 5. O-O c5 6. c3 Bd6 7. Nbd2 O-O 8.
Qc2 Nb6 9. e4 dxe4 10. Nxe4 Nxe4 11. Qxe4 Nd5 12. Bg5 Qb6 13. c4 Nb4 14.
dxc5 Bxc5 15. a3 Nc6 16. b4 Be7 17. Be3 Qc7 18. c5 a6 19. Bf4 Qd8 20. Rad1
Qe8 21. Rfe1 Bf6 22. h4 Ne7 23. Bd6 Qa4 24. Ng5 Bxg5 25. hxg5 Re8 26. Bxe7
Rxe7 27. Rd8+ Re8 28. Red1 g6 29. Qe5 a5 30. Qf6 Bd7 31. R1xd7 Raxd8 32.
Qxf7+ Kh8 33. Qg7+ 1-0

[Event "38th Olympiad w"]
[Site "Dresden GER"]
[Date "2008.11.17"]
[Round "5"]
[White "Wang Hsin Jung"]
[Black "Guerrero Rodriguez,Alej"]
[Result "0-1"]
[WhiteElo "1724"]
[BlackElo "2143"]
[EventDate "2008.11.13"]

1. c4 e6 2. Nf3 c5 3. g3 Nf6 4. Bg2 Be7 5. O-O O-O 6. d3 d5 7. b3 Nc6 8.
Bb2 a6 9. Ne5 Nxe5 10. Bxe5 Ng4 11. Bc3 d4 12. Bb2 f5 13. Nd2 Qc7 14. Nf3
e5 15. Bc1 Bd7 16. Ng5 Nf6 17. Rb1 h6 18. Nf3 Bc6 19. Nh4 Bxg2 20. Kxg2
Qc6+ 21. Kg1 Nh7 22. e3 Bxh4 23. gxh4 Rf6 24. h5 f4 25. e4 f3 26. Kh1 Qe8
27. Rg1 Qxh5 28. Rg3 Raf8 29. b4 Rb6 30. Ba3 Rf4 31. bxc5 Rh4 32. Kg1 Rxh2
33. Kf1 Rh1+ 0-1

[Event "38th Olympiad w"]
[Site "Dresden GER"]
[Date "2008.11.17"]
[Round "5"]
[White "Wijesuriya,GV"]
[Black "Tilenbaeva,J"]
[Result "0-1"]
[WhiteElo "1937"]
[BlackElo "2037"]
[EventDate "2008.11.13"]

1. e4 c6 2. d4 d5 3. exd5 cxd5 4. Bd3 Nc6 5. c3 Nf6 6. Bf4 Bg4 7. Qb3 Qd7
8. Nd2 e6 9. Ngf3 Bxf3 10. Nxf3 Bd6 11. Bxd6 Qxd6 12. O-O O-O 13. Rae1 a6
14. Ne5 b5 15. a3 Rfc8 16. f4 g6 17. Qd1 Rab8 18. Qf3 a5 19. Qh3 b4 20.
axb4 axb4 21. Qh4 Qd8 22. f5 exf5 23. Rxf5 Ne4 24. Qxd8+ Nxd8 25. Rf3 bxc3
26. bxc3 Ng5 27. Rg3 Nge6 28. Nd7 Rb2 29. Nf6+ Kg7 30. Nxd5 Nc6 31. Bf5
Ncd8 32. h4 Ra8 33. Be4 Raa2 34. Rge3 Nc6 35. Nc7 Ne7 36. Ne8+ Kf8 37. Nf6
Nf5 38. Bd5 Nxe3 39. Bxa2 Nxg2 40. Bxe6 Nxe1 41. Bd5 h5 42. Be4 Nc2 43. d5
Ne3 44. d6 Rd2 45. d7 Ke7 46. Ng8+ Kxd7 47. Nf6+ Ke6 48. Ne8 Kd7 49. Nf6+
Ke7 50. Nh7 f6 51. c4 Kf7 52. c5 Kg7 53. c6 Rd1+ 54. Kf2 Ng4+ 55. Ke2 Rc1
56. Kd2 Rc5 57. Bg2 Kxh7 58. Kd3 Ne5+ 59. Kd4 Rc4+ 60. Ke3 Nxc6 0-1